| 000 | 00906nam a2200277 i 4500 | ||
|---|---|---|---|
| 001 | 11425 | ||
| 003 | ES-MaACL | ||
| 005 | 20250831061900.0 | ||
| 007 | t| | ||
| 008 | 930208s1992 sp |||| | spa j | ||
| 020 | _a84-7100-574-3 | ||
| 080 | _a282(8=6)"18/19" | ||
| 080 | _a291(8=6)"18/19" | ||
| 100 | 1 |
_aPazos, Antón M. _9179068 |
|
| 245 | 1 | 3 |
_aLa Iglesia en la América del IV centenario / _cAntón M. Pazos. |
| 260 |
_aMadrid : _bMAPFRE, _c[1992] |
||
| 300 |
_a429 p. ; _c23 cm. |
||
| 490 | 1 |
_aIglesia Católica en el Nuevo Mundo ; _v13 |
|
| 500 | _aÍndices. | ||
| 504 | _aBibliografía: p. [411]-420. | ||
| 651 |
_aAmérica Latina- _xHistoria eclesiástica. _9145347 |
||
| 651 |
_aAmérica Latina- _xHistoria eclesiástica. _9145347 |
||
| 830 | 0 | 0 |
_aColección Iglesia Católica en el Nuevo Mundo (Mapfre) _v13 _9179065 |
| 852 |
_aES-MaACL _jL-18750 |
||
| 999 |
_c11425 _d11425 |
||